000 00334nam a2200145Ia 4500
008 230711s9999||||xx |||||||||||||| ||und||
041 _aENG
082 _a624
_bBO-G
100 _aBomford,G
245 0 _aGeodesy
250 _a4th Ed.
260 _c1987
_aNew Delhi
_bOxford University Press
650 _aCivil Engineering
942 _cBK
999 _c828
_d828